| 000 | 01237pam a2200349 a 4500 | ||
|---|---|---|---|
| 001 | 6226 | ||
| 003 | FISKH | ||
| 005 | 20250812135919.0 | ||
| 008 | 930111r19931983nyua j 000 1 eng | ||
| 010 | _a 93002721 | ||
| 020 | _a0140365443 | ||
| 020 | _a9780140365443 | ||
| 040 |
_aDLC _cDLC _dDLC _beng |
||
| 050 | _aPZ7.M35655 F | ||
| 082 | _a813.54 | ||
| 100 | 1 | _aMarshall, Edward. | |
| 245 | 1 | 0 |
_aFox at school / _cby Edward Marshall ; pictures by James Marshall. |
| 260 |
_aNew York : _bPuffin Books, _c1993. |
||
| 300 |
_a48 pages : _bcolor illustrations ; _c23 cm |
||
| 490 |
_aPenguin Young Readers _vLevel 3 |
||
| 500 | _a"First published in the United States of America by Dial Books for Young Readers, a division of Penguin Books USA Inc., 1983"--T.p. verso. | ||
| 505 | _aJ | ||
| 520 | _aFox discovers that being first is not always best during the class play, in a fire drill, and when the teacher leaves him in charge. | ||
| 521 | 8 |
_a470
_bLexile |
|
| 521 | 8 |
_aJ
_bRaz-Plus |
|
| 650 | 1 |
_aFoxes _xFiction. |
|
| 650 | 1 |
_aSchools _xFiction. |
|
| 700 | 1 |
_aMarshall, James, _d1942-1992, _eillustrator |
|
| 906 |
_a7 _bcbc _corignew _d1 _eocip _f19 _gy-gencatlg |
||
| 942 |
_2ddc _cBK _n0 |
||
| 999 |
_c6226 _d6226 |
||